• 首页
  • 本馆介绍
  • 公告通知
  • 最新文献
  • 馆藏检索
  • 电子资源
  • 读者导购
  • 参考咨询
  • 我的图书馆
  • 登录
  • 详细信息显示
  • 放入我的书架
  • 预约/预借图书
  • 作者相关作品
  • 分类相关作品
  • 丛书相关作品
  • 出版社相关作品

书目信息

  • 表格格式
  • 工作单格式
  • 卡片格式
题名:
论教学系统
    
 
作者: 姚鸿章 著
分册:  
出版信息:    
页数: 99页
开本: 20cm
丛书名:
单 册:
中图分类: G421
科图分类:
主题词: 教学理论
电子资源:
ISBN:
000 00417nam0 2200157 450
001 0657962234
005 20060810160653.21
100    @a20060810d km y0chiy0120 ea
101 0  @achi
200 1  @a论教学系统@Alun jiao xue xi tong@f姚鸿章著@Fyao hong zhang zhu
215    @a99页@d20cm
606 0  @a教学理论
690    @aG421@v3
701  0 @a姚鸿章@Ayao hong zhang@4著
801  0 @aCN@bPFT@c20060810
905    @a10447@dG421@e129
    
    论教学系统/姚鸿章著
    99页;20cm
    
    
    ISBN :
    
●
相关链接 在E读中查询图书 在五车中查询图书 在当当中查询图书 在豆瓣中查询图书


正题名:论教学系统     索取号:G421/129         预约/预借

序号 登录号 条形码 馆藏地/架位号 状态 备注
1 0448483   204484833   密集书库/ [索取号:G421/129] 在馆    
2 0448723   204487233   密集书库/ [索取号:G421/129] 在馆    
唐山师范学院图书馆 欢迎您!
大连网信软件有限公司© 版权所有